000 00691nam a2200205Ii 4500
003 JO-AjNU
008 230605s9999||||xx |||||||||||||| ||und||
040 _aJO-AjNU
_bara
_erda
_cJO-AjNU
041 _aara
050 1 4 _aBP188.3.F3.M6 1988
100 3 _aموسى، محمد يوسف,
_eauthor
_939257
245 0 0 _aالنسب و آثاره
250 _aط3
264 3 1 _aالقاهرة: دار المعرفة، 1988
300 _a174ص
_bيتضمن ملحق ص 161-169
336 _atext
_btxt
_2rdacontent
337 _aunmediated
_bn
_2rdamedia
338 _avolume
_bnc
_2rdacarrier
650 4 _aالنسب- فقه اسلامي- الاحوال الشخصية للمسلمين
_939258
999 _aA16565
_c20133
_d20133